00259nam a22001097a 4500082001500000100001500015245003200030260004200062300000900104500001400113650002200127 a541.28 ATK aAtkins,P.W aMolecular Quantum Mechanics aLondonbOxford university Pressc1970 a482p aVolume 11 aQuantum Chemistry